Hiện trạng sử dụng đất huyện Điện Bàn và hiệu quả kinh tế trong nông nghiệp

Cơ sở khoa học của vấn đề nghiên cứu đất. Các nhân tố ảnh hưởng đến quá trình hình thành và sử dụng đất ở huyện Điện Bàn. Hiện trạng sử dụng đất huyện Điện Bàn và hiệu quả kinh tế trong nông nghiệp

Sparad:
Bibliografiska uppgifter
Huvudupphovsman: Trần Việt Hồng
Övriga upphovsmän: Nguyễn, Văn Nam Th.S (Hướng dẫn)
Materialtyp: Bok
Språk:Vietnamese
Publicerad: Đại học Đà Nẵng Trường Đại học Sư phạm 2007
Serie:Khóa luận tốt nghiệp Đại học. Chuyên ngành: Sư phạm Địa lý
Ämnen:
Taggar: Lägg till en tagg
Inga taggar, Lägg till första taggen!
Thư viện lưu trữ: Mạng thư viện Đại học Đà Nẵng
LEADER 01643nam a2200349 4500
001 000011230
003 7464
005 20120202150202.0
008 120202s2007 viesd
041 |a vie 
072 |a Khóa luận tốt nghiệp 
082 |a 333.76  |b TR-H 
100 1 |a Trần Việt Hồng 
245 1 |a Hiện trạng sử dụng đất huyện Điện Bàn và hiệu quả kinh tế trong nông nghiệp  |c Trần Việt Hồng 
260 |a Đại học Đà Nẵng  |b Trường Đại học Sư phạm  |c 2007 
300 |a 62 tr. [7 tr.]  |b ảnh m.họa + bảng  |c 29 cm 
490 |a Khóa luận tốt nghiệp Đại học. Chuyên ngành: Sư phạm Địa lý 
500 |a Tham khảo + phụ lục [7 tr.] 
520 |a Cơ sở khoa học của vấn đề nghiên cứu đất. Các nhân tố ảnh hưởng đến quá trình hình thành và sử dụng đất ở huyện Điện Bàn. Hiện trạng sử dụng đất huyện Điện Bàn và hiệu quả kinh tế trong nông nghiệp 
653 |a Khóa luận tốt nghiệp Đại học 
653 |a Khoa Địa lý 
700 1 |a Nguyễn, Văn Nam  |c Th.S  |e Hướng dẫn 
OWN |a LSP 
AVA |a UDN50  |b LSP  |d 333.76 TR-H  |e available  |t Error 5001 Not defined in file expand_doc_bib_avail.  |f 1  |g 0  |h N  |i 0  |k 1 
999 |a From the UDN01 
AVA |a UDN50  |b LSP  |d 333.76 TR-H  |e available  |t Error 5001 Not defined in file expand_doc_bib_avail.  |f 1  |g 0  |h N  |i 0  |k 1 
TYP |a Monograph 
TYP |a Printed language 
980 |a Mạng thư viện Đại học Đà Nẵng